Ramona Quimby Books Quiz Stats

Quiz Updated Mar 6, 2012

Also try: Color Books
Challenge
Share
Tweet
Embed
Score 0/8 Timer 02:00
0 Plays Today
Year and Title Rest of the Title % Correct
1955: ... and RamonaBeezus and Ramona
92.5%
1968: Ramona the ...Ramona the Pest
66.3%
1975: Ramona the ...Ramona the Brave
54.7%
1981: Ramona ...Ramona Quimby, Age 8
50.3%
1977: Ramona and ...Ramona and Her Father
50.1%
1979: Ramona and ...Ramona and Her Mother
48.7%
1984: Ramona ...Ramona Forever
31.7%
1999: Ramona's ...Ramona's World
27.7%

You're not logged in!

Compare scores with friends on all Sporcle quizzes.
Sign Up with Email
OR
Log In

You Might Also Like...

Show Comments

Extras

Top Quizzes Today


Score Distribution

Your Account Isn't Verified!

In order to create a playlist on Sporcle, you need to verify the email address you used during registration. Go to your Sporcle Settings to finish the process.